00857nam a2200229 a 450000100100000000500170001000800410002702000150006804000250008308200220010810000260013024500720015626000540022830000350028250000210031750400320033865100420037065100500041265100490046265100590051165100570057000003450020200930073732.0111005s2006 xxu r 000 0 spa d a080188330x aDO-SdBNPbspacBNPHU a327.730519bL477t1 aLee, Chae-Jin,d1936-10aA troubled peace :bU.S. policy and the two Koreas /cChae-Jin Lee. aBaltimore :bThe Johns Hopkins University Press,. axiv, 352 p. :bmapas ;c24 cm. aIncluye índice aBibliografía : p. 303-341 4aEstados UnidosxRelaciones Exteriores 4aCoreaxRelaciones ExterioreszCorea Del Norte 4aCoreaxRelaciones ExterioreszEstados Unidos 4aCorea Del NortexRelaciones ExterioreszEstados Unidos 4aCorea Del SurxRelaciones ExterioreszEstados Unidos